000
00286nam a2200109Ia 4500
999
_c
8340
_d
8340
020
_a
9781461065289
100
_a
Michael Greer
245
2
_a
A Project Managers Partner :A Step -By-Step Guide To Project Management
260
_a
New Delhi
_b
McGraw Hill
_c
2003
300
_a
347
942
_c
BK